000 00569nam a2200181 u 4500
001 000576289
003 AM-YeHGA
005 20250617141018.0
008 080409s1974 ||| r 000 0 rus d
040 _aAM-YeHGA
041 0 _arus
100 1 _aПавлинов, Владимир Константинович
245 1 0 _aСоль :
_bСтихи /
_cВладимир Павлинов.
260 _aМосква :
_bМол. гвардия,
_c1974.
300 _a111 с. :
_bпортр. ;
_c16 см.
653 0 _aСоветская поэзия
090 _c232356
999 _c230802
_d230802